European rental growth falls (Record no. 71124)

MARC details
000 -LEADER
fixed length control field 00945cam a2200217 4500
001 - CONTROL NUMBER
control field WB3833-08
008 - FIXED-LENGTH DATA ELEMENTS--GENERAL INFORMATION
fixed length control field 020910n2002 000 0 eng u
035 ## - SYSTEM CONTROL NUMBER
System control number (Sirsi) u119647
245 ## - TITLE STATEMENT
Title European rental growth falls
260 ## - PUBLICATION, DISTRIBUTION, ETC.
Date of publication, distribution, etc. 2002
490 ## - SERIES STATEMENT
Series statement Retail Week
Volume/sequential designation 6 September 2002, 1(1)
520 ## - SUMMARY, ETC.
Summary, etc. Growth of prime European rents has fallen to 1.9% per annum in the first half of 2002 in response to a slowdown in demand for retail space according to CB Hillier Parker's latest Retail Market Index. Over the past three months rents remained static across the bulk of Europe. The index is available at http://www.cbhillierparker.com/pdf/research/EMEAretailQ2_2002.pdf
590 ## - LOCAL NOTE (RLIN)
Local note WB
650 ## - SUBJECT ADDED ENTRY--TOPICAL TERM
Topical term or geographic name entry element PRIME RENTS
650 ## - SUBJECT ADDED ENTRY--TOPICAL TERM
Topical term or geographic name entry element PARIS
650 ## - SUBJECT ADDED ENTRY--TOPICAL TERM
Topical term or geographic name entry element BARCELONA
650 ## - SUBJECT ADDED ENTRY--TOPICAL TERM
Topical term or geographic name entry element PROPERTY-COMMERCIAL PROPERTY-RETAIL PROPERTY-RETAIL PROPERTY MARKET
650 ## - SUBJECT ADDED ENTRY--TOPICAL TERM
Topical term or geographic name entry element EUROPE
690 ## - LOCAL SUBJECT ADDED ENTRY--TOPICAL TERM (OCLC, RLIN)
Topical term or geographic name as entry element PROPERTY-COMMERCIAL PROPERTY-RETAIL PROPERTY
942 ## - ADDED ENTRY ELEMENTS (KOHA)
Suppress in OPAC 0
Holdings
Withdrawn status Lost status Source of classification or shelving scheme Damaged status Not for loan Home library Current library Shelving location Date acquired Total Checkouts Full call number Barcode Date last seen Copy number Price effective from Koha item type
    Dewey Decimal Classification     London London News article 10/09/2002   WB3833-08 119647-1001 06/08/2019 1 06/08/2019 News article